ESEENTIAL ENGLISH FOR BETTER COMMUNICATION (Record no. 8430)

MARC details
000 -LEADER
fixed length control field 00448nam a22001697a 4500
005 - DATE AND TIME OF LATEST TRANSACTION
control field 20231031161457.0
008 - FIXED-LENGTH DATA ELEMENTS--GENERAL INFORMATION
fixed length control field 231031b |||||||| |||| 00| 0 eng d
020 ## - INTERNATIONAL STANDARD BOOK NUMBER
ISBN 978-1-009-42236-9
041 ## - LANGUAGE CODE
Language code of text/sound track or separate title eng
082 ## - DEWEY DECIMAL CLASSIFICATION NUMBER
Classification number 362.1
100 ## - MAIN ENTRY--AUTHOR NAME
Personal name SHARMA,RAJ KUMAR AND SINGH, NIDHI
245 ## - TITLE STATEMENT
Title ESEENTIAL ENGLISH FOR BETTER COMMUNICATION
260 ## - PUBLICATION, DISTRIBUTION, ETC. (IMPRINT)
Place of publication U.K
Name of publisher CAMBRIDGE UNIVERSITY PRESS
Year of publication 2023
300 ## - PHYSICAL DESCRIPTION
Number of Pages 155;p
650 ## - SUBJECT ADDED ENTRY--TOPICAL TERM
Topical Term MANAGEMENT
942 ## - ADDED ENTRY ELEMENTS (KOHA)
Koha item type Books
Holdings
Lost status Damaged status Collection code Home library Current library Shelving location Date acquired Source of acquisition Cost, normal purchase price Full call number Accession Number Koha item type
    LIFE SKILL JRU Library JRU Library SHELF-102-D 31/10/2023 PURCHASE [LBI] 280.00 362.1 28022 Books
    LIFE SKILL JRU Library JRU Library SHELF-102-D 31/10/2023 PURCHASE [LBI] 280.00 362.1 28023 Books